| 000 | 00702nam a2200217 a 4500 | ||
|---|---|---|---|
| 001 | BRCA_6553 | ||
| 005 | 20190320205512.0 | ||
| 008 | 300911s1966----mx-a######---#000-0#spa-# | ||
| 041 | _aspa | ||
| 044 | _amx | ||
| 050 | 4 |
_aNA3320 _p.G3 1966 |
|
| 100 | 1 |
_aGarcía Ramos, Domingo _d1911- _916346 |
|
| 245 | 1 | 0 |
_aArquitectura y artes decorativas _cDomingo García Ramos. |
| 260 |
_aMéxico _bEscuela Nacional de Arquitectura _c1966 |
||
| 300 |
_axiv, 162 p. _bil. (algunas a color) _c27 cm. |
||
| 500 | _aDonación Dra. Elsa Barberena | ||
| 650 | 1 | 4 |
_aDecoración y ornamentación _xArquitectura _916347 |
| 650 | 1 | 4 |
_aArquitectura _xComposición, proporción, etc. _916348 |
| 902 | _aDEB | ||
| 942 |
_2lcc _cB |
||
| 999 |
_c6237 _d6237 |
||